00673nam a22001817a 4500008004100000040001800041041000800059110004200067245009800109260007700207300002400284500006200308650002000370650001500390650004200405651001300447700003100460130821s1927 mx gr spa  aCo-BoUCMbspa00aspa aMéxico. Departamento del Petróleo00aBibliografía del petróleo en MéxicocDepartamento del Petroleo, director Genaro Estrada aMéxico D.F. (México)bMonografías Bibliografícas Mexicanasc1927 aviii, 169 páginas aEste libro se encuentra en el depósito de la biblioteca04aBibliografías04aPetróleo04aPetróleovBibliografíaszMéxico aMéxico aEstrada, Genaro., Director